000 01828cam a22004094a 4500
003 OSt
005 20150408114020.0
008 090518s2010 enka b 001 0 eng
010 _a2009020681
020 _a9780521735636 (pbk.)
020 _a0521735637 (pbk.)
040 _aDNLM/DLC
_cDLC
_dNLM
_dBWKUK
_dUKM
_dCDX
_dBTCTA
_dYDXCP
040 _aDNLM/DLC
_cDLC
_dNLM
_dBWKUK
_dUKM
_dCDX
_dBTCTA
_dYDXCP
_dNhCcYME
042 _apcc
050 1 0 _aRC78
_b.H657 2010
060 1 0 _aWO 200
_bH795r 2010
082 0 0 _a616.07/54
_222
092 _a616.0754
_bH793 r12
100 1 _aHopkins, Richard,
_d1967-
_914108
245 1 0 _aRadiology for anaesthesia and intensive care /
_cRichard Hopkins, Carol Peden and Sanjay Gandhi.
250 _a2nd ed.
260 _aCambridge, UK ;
_aNew York :
_bCambridge University Press,
_c2010.
300 _axx, 308 p. :
_bill. ;
_c24 cm.
490 1 _aCambridge medicine.
504 _aIncludes bibliographical references and index.
520 _a"The advent of small, affordable ultrasound machines and the widespread use of PACS systems have made imaging more accessible to anaesthetists and intensivists that ever before. Highly illustrated and practical, Radiology for Anaesthesia and Intensive Care, Second Edition covers the key aspects of all imaging modalities, giving clear guidance for the non-radiologists to the use of imaging in the intensive care setting and for a wide range of clinical applications in anaesthesia." --Book Jacket.
650 0 _aRadiology, Medical.
650 0 _aAnesthesia.
650 0 _aCritical care medicine.
_94716
650 1 2 _aAnesthesia.
650 1 2 _aRadiology
_xmethods.
_911173
650 2 2 _aIntensive Care.
700 1 _aPeden, Carol.
_914109
700 1 _aGandhi, Sanjay.
_914110
830 0 _aCambridge medicine.
_913815
942 _2ddc
_cBOOK
999 _c21995
_d256495